Franz Ferdinand: Albums by Cover - Statistics

General Stats
  • This quiz has been taken 26 times
  • The average score is 5 of 6
Answer Stats
Picture Hint Answer % Correct
2004 Franz Ferdinand
100%
2009 Tonight: Franz Ferdinand
86%
2018 Always Ascending
82%
2025 The Human Fear
82%
2005 You Could Have It So Much Better
82%
2013 Right Thoughts, Right Words, Right Action
73%
No matching quizzes found
Score Distribution
Percent of People with Each Score
Percentile by Number Answered
Your Score History
You have not taken this quiz